World soil resources reports N.65 Eighth meeting of the East and Southern African sub-committee for soil correlation and evalution

Na minha lista:
Detalhes bibliográficos
Autor principal: FAO
Formato: Livro
Idioma:Undetermined
Publicado em: Rome FAO 1990
Assuntos:
Tags: Adicionar Tag
Sem tags, seja o primeiro a adicionar uma tag!
Thư viện lưu trữ: Trung tâm Học liệu Trường Đại học Cần Thơ
LEADER 00571nam a2200193Ia 4500
001 CTU_3851
008 210402s9999 xx 000 0 und d
082 |a 631 
082 |b W927/N.65 
100 |a FAO 
245 0 |a World soil resources reports N.65 
245 0 |b Eighth meeting of the East and Southern African sub-committee for soil correlation and evalution 
245 0 |c FAO 
260 |a Rome 
260 |b FAO 
260 |c 1990 
650 |a soil maps 
904 |i Nguyễn Quang Điền, 960530 
980 |a Trung tâm Học liệu Trường Đại học Cần Thơ